Economics of agro-chemicals : an international overview of use patterns, technical and institutional determinants, policies and perspectives : selected papers of the Symposium of the International Association of Agricultural Economists held at Wageningen, The Netherlands, 24-8 April 1996 /

Bibliographic Details
Corporate Author: International Association of Agricultural Economists. Conference
Other Authors: Wossink, G. A. A., Van Kooten, G. C. (Gerrit Cornelis), Peters, G. H. (George Henry), 1934-
Format: Book
Language:English
Published: Aldershot, Hants, England ; Brookfield, Vt., USA : Ashgate, [1998]
Subjects:

MARC

Tag First Indicator Second Indicator Subfields
LEADER 00000cam a2200000 a 4500
001 in00001464530
005 20151021054454.0
008 971216s1998 enka b 101 0 eng
010 |a  97051287  
015 |a GB98-74495 
019 |a 40229792 
020 |a 1840140844 (hard) 
035 |a (OCoLC)38199202 
035 |9 AJF1058AM 
040 |a DLC  |c DLC  |d C#P  |d UKM  |d TXA  |d UtOrBLW 
049 |a TXAM 
050 0 0 |a S585  |b .I58 1996 
082 0 0 |a 338.1/62  |2 21 
110 2 |a International Association of Agricultural Economists.  |b Conference  |d (1996 :  |c Wageningen, Netherlands) 
245 1 0 |a Economics of agro-chemicals :  |b an international overview of use patterns, technical and institutional determinants, policies and perspectives : selected papers of the Symposium of the International Association of Agricultural Economists held at Wageningen, The Netherlands, 24-8 April 1996 /  |c edited by G.A.A. Wossink, G.C. van Kooten, and G.H. Peters. 
264 1 |a Aldershot, Hants, England ;  |a Brookfield, Vt., USA :  |b Ashgate,  |c [1998] 
264 4 |c ©1998 
300 |a xx, 386 pages :  |b illustrations ;  |c 23 cm. 
336 |a text  |b txt  |2 rdacontent 
337 |a unmediated  |b n  |2 rdamedia 
338 |a volume  |b nc  |2 rdacarrier 
504 |a Includes bibliographical references and indexes. 
650 0 |a Agricultural chemicals  |x Congresses. 
650 0 |a Agricultural chemicals  |x Economic aspects  |x Congresses. 
650 0 |a Agricultural chemicals industry  |x Government policy  |x Congresses. 
700 1 |a Wossink, G. A. A. 
700 1 |a Van Kooten, G. C.  |q (Gerrit Cornelis) 
700 1 |a Peters, G. H.  |q (George Henry),  |d 1934- 
948 |a c:cer 
999 |a MARS 
999 f f |s 91842196-0be1-386a-8921-259b6c9c68a4  |i 0daa935f-c472-3625-a3d5-a0769b8c0685  |t 0 
952 f f |p ric  |a Texas A&M University  |b Rellis Campus  |c Joint Library Facility  |d Remote Storage  |t 0  |e S585 .I58 1996  |h Library of Congress classification  |i unmediated -- volume  |m A14823974576 
998 f f |a S585 .I58 1996  |t 0  |l Remote Storage